000 00846nam a2200265Ia 4500
003 OSt
005 20221005062100.0
006 a|||||r|||| 00| 0
007 ta
008 221004b |||||||| |||| 00| 0 eng d
020 _a9780415452564 (hbk)
_c1471.83
024 _a5162
037 _bCBS/17, 31/05/2013, Classic Book Service
_cTextual
040 _aCRL
_cCRL
_beng
041 _2eng
_aeng
082 _aR3xM891,1:g, Q3
100 _aMcGinn Marie
_9399004
245 0 _aRoutledge guidebook to wittgenstein's philosophical investigations
260 _aLondon
_bRoutledge UK
_c2013
300 _axv, 341p.
_ccm.
490 _aRoitledge guides to the great book
650 _aPHILOSOPHY
942 _hR3xM891,1:g, Q3
_cTEXL
_2cc
999 _c969172
_d969172